01267nab a22002417a 4500999001500000003000400015005001700019008004100036040000700077100003000084245011000114260004200224300001300266500003700279505038500316505008900701650002600790650001800816650003000834650002600864773012200890942001301012 c6381d6381OSt20260201152228.0190506c xxu||||| |||| 00| 0 spa d cPJ 97024aPiedrafita, Andrea 13aEl trabajo a través de plataformas digitales :cun análisis a proyectos de ley /bAndrea Piedrafita.  aBuenos Aires :bAbeledoPerrot,c2023. ap. 14-20 aCita: TR LALEY AR/DOC/1565/2023  aSumario: I. Introducción.— II. Punto de partida. La situación actual de los llamados trabajadores de "plataformas digitales".— III. El proyecto de ley presentado por el oficialismo en el Senado de la Nación en octubre de 2021.— IV. El proyecto de ley presentado por la oposición en la Cámara de Diputados de la Nación.— V. Conclusión.— VI. Bibliografía.  t¿Te interesa el texto completo? Comunicate al correo: koha@justierradelfuego.gov.ar 091316aDERECHO LABORAL 09281aINTERNET 091323aCONTRATO DE TRABAJO 094193aPROYECTO DE LEY0 0275193202dBuenos Aires : AbeledoPerrot, 2013-tRevista de derecho laboral y seguridad social. Nº 16 - Agosto 2023 2udccANA